Acreditación y dirección estratégica para la calidad en las universidades
Enregistré dans:
| Collectivités auteurs: | , |
|---|---|
| Format: | Livre |
| Langue: | espagnol |
| Publié: |
Santiago
CINDA
2007
|
| Édition: | 1a. ed |
| Collection: | Colección Gestión Universitaria
|
| Sujets: | |
| Tags: |
Ajouter un tag
Pas de tags, Soyez le premier à ajouter un tag!
|
MARC
| LEADER | 00000cam a2200000 a 4500 | ||
|---|---|---|---|
| 001 | UCI7289 | ||
| 003 | CL-VaPUC | ||
| 008 | 080619e20070000CL |||||||||||||||||spa|d | ||
| 020 | |a 9789567106516 | ||
| 082 | 0 | 4 | |a 378.83 |b CIN |2 21 |
| 110 | 2 | |a CINDA |e author |9 530468 | |
| 710 | 2 | |a Centro Interuniversitario de Desarrollo |e author |9 530469 | |
| 245 | 1 | 0 | |a Acreditación y dirección estratégica para la calidad en las universidades |
| 250 | |a 1a. ed | ||
| 300 | |a 518 p | ||
| 942 | |c BK | ||
| 945 | |d 20080619 00:00:00 |a jtorresc | ||
| 260 | |a Santiago |b CINDA |c 2007 | ||
| 650 | 0 | |a Acreditación universitaria |9 499052 | |
| 650 | 0 | |a Educación superior |9 223851 | |
| 650 | 0 | |a Universidades chilenas |9 407335 | |
| 650 | 0 | |a Calidad de la educación |9 307271 | |
| 650 | 0 | |a Planificación de la educación |9 307333 | |
| 583 | |a last modification |c 20150924 21:40:32 |k Rodrigo Vera | ||
| 490 | 0 | |a Colección Gestión Universitaria | |
| 999 | |c 330612 |d 330610 | ||
| 952 | |0 0 |1 0 |4 0 |6 378_830000000000000_CIN_2007 |7 0 |8 A |9 416236 |a BIBHIS |b BIBHIS |d 2019-11-22 |i 4453328 |o 378.83 CIN 2007 |p 4453328 |r 2025-01-20 |w 2019-11-22 |y BK |k HIS | ||
| 952 | |0 0 |1 0 |4 0 |6 378_830000000000000_CIN_2007 |7 0 |8 A |9 416237 |a BIBEDU |b BIBEDU |d 2019-11-22 |i 490415K |o 378.83 CIN 2007 |p 490415K |r 2019-11-22 |w 2019-11-22 |y BK |k PSI | ||
| 952 | |0 0 |1 0 |4 0 |6 378_830000000000000_CIN_2007 |7 0 |8 A |9 416238 |a BIBHIS |b BIBHIS |d 2019-11-22 |i 496067K |o 378.83 CIN 2007 |p 496067K |r 2025-01-20 |w 2019-11-22 |y BK |k HIS | ||
| 952 | |0 0 |1 0 |3 erb |4 0 |6 378_830000000000000_CIN_2007 |7 0 |8 A |9 416239 |a BIBCUR |b BIBCUR |i 503907K |o 378.83 CIN 2007 |p 503907K |r 2025-04-22 |w 2019-11-22 |y BK |z Catalogado en:20140109 |k BCB | ||
| 952 | |0 0 |1 0 |3 erb |4 0 |6 378_830000000000000_CIN_2007 |7 0 |8 A |9 416240 |a BIBTEO |b BIBTEO |i 5142563 |o 378.83 CIN 2007 |p 5142563 |r 2025-01-17 |w 2019-11-22 |y BK |z Catalogado en:20150326 |k ICR | ||
| 952 | |0 0 |1 0 |3 erb |4 0 |6 378_830000000000000_CIN_2007 |7 0 |8 A |9 416241 |a BIBCUR |b BIBCUR |i 5192374 |o 378.83 CIN 2007 |p 5192374 |r 2025-04-22 |w 2019-11-22 |y BK |z Catalogado en:20150731 |k PER | ||